| 000 | 01065nam a2200265 a 4500 | ||
|---|---|---|---|
| 001 | 79430 | ||
| 003 | BD-RjUL | ||
| 005 | 20220220121049.0 | ||
| 008 | 220220s2018 bg ||||| |||| 00| 0 ben d | ||
| 020 |
_a9847000003461 _c: Tk.350.00 |
||
| 035 | _a(BD-RjUL)79430 | ||
| 040 |
_aBD-RjUL _beng _cBD-RjUL |
||
| 041 | _aben | ||
| 082 |
_223 _a171.3 _bARA 2018 |
||
| 100 |
_aএরিস্টটল _91498 |
||
| 245 |
_aএরিস্টটলের নিকোমেকিয়ান এথিক্স / _cএরিস্টটল ; অনুবাদ হাসনা বেগম |
||
| 260 |
_aঢাকা : _bজাতীয় সাহিত্য প্রকাশ, _c২০১৮ |
||
| 300 |
_a৩৪৩ পৃ.; _c২২ সেমি. |
||
| 650 |
_aনৈতিকতা _91499 |
||
| 650 | _aEthics | ||
| 650 |
_aনিকোমাচিয়ান নীতিশাস্ত্র (অ্যারিস্টটল) _91500 |
||
| 650 |
_aNicomachean ethics (Aristotle) _91501 |
||
| 700 |
_aবেগম, হাসনা _91502 |
||
| 942 |
_2ddc _cBK |
||
| 999 |
_c79430 _d79430 |
||